000
00288nam a2200121Ia 4500
008
190216s9999||||xx |||||||||||||| ||und||
100
_a
Mohammed V
245
0
_a
Ibadath Islamil
260
_b
"Islamic Foundation Press, India"
300
_a
42p
650
_a
Islamic History
942
_c
BK
999
_c
21961
_d
21961